000 00549nam a22001337a 4500
040 _cRUA
082 _aAGR CHR 2017 B633 Or.1
100 _aCHRORN NARY ជ្រន ណាវី
245 _acomparison of hormon solution on plumeria flower ប្រៀបធៀបសូលិយស្យុងអ័ម៉ូនលើដាំណាំផ្កាចំបុី
260 _aphnom penh
_bRUA
_c2017
300 _ax;37p
_bill;
_c29cm
856 _uhttps://drive.google.com/file/d/1wdWuniAxlCFUrRMTQlf9qHLRMSxigUpf/view?usp=sharing
942 _cAGR
999 _c17925
_d17925